00000000nam##2200000za#4500
0019.635740
003CaOODSP
00520250611103527
007cr |||||||||||
008150407|2008||||xxc|||||o    f|0| 0 fre|d
020 |a978-0-662-04820-6
040 |aCaOODSP|bfre
043 |an-cn---
0861 |aA98-4/6-2008F-PDF
1101 |aCanada. |bAgriculture et agroalimentaire Canada.
24510|aLes friches agricoles au Québec : |h[ressource électronique]|bétat des lieux et approches de valorisation /
260 |bAgriculture et Agroalimentaire Canada |cJuillet 2008.
300 |a66p.|bfigures, cartes (certaines en couleur), références, tableaux, photographies
590 |a08-50|b2008-12-12
69107|aTerre agricole|2gcpds
7201 |aVouligny, Caroline
7201 |aGariépy, Stéphane
77508|tAbandoned farmland in Quebec : |w(CaOODSP)9.691409
85640|ahttp://publications.gc.ca|qPDF|s8603 Ko|uhttps://publications.gc.ca/collections/collection_2008/agr/A98-4-6-2008F.pdf